Métodos de apropiación de costos en proyectos hidráulicos de propósito múltiple

Salvato in:
Dettagli Bibliografici
Autori principali: Cerda Gaete, Manuel Marcelino (Autore), Bonhomme Cerda, Fernando (Autore)
Natura: Libro
Lingua:spagnolo
Pubblicazione: Valparaíso Universidad Católica de Valparaíso. Facultad de Ingeniería 1981
Serie:Monografías, 1
Soggetti:
Tags: Aggiungi Tag
Nessun Tag, puoi essere il primo ad aggiungerne!!

MARC

LEADER 00000nam a2200000 a 4500
001 UCU6224
003 CL-VaPUC
008 960614e19810000CL |||||||||||||||||spa|d
082 0 4 |a 627  |b CER  |2 21 
100 0 |a Cerda Gaete, Manuel Marcelino  |e author  |9 364401 
700 0 |a Bonhomme Cerda, Fernando  |e author  |9 364402 
245 1 0 |a Métodos de apropiación de costos en proyectos hidráulicos de propósito múltiple 
246 1 4 |a Las arenas del gran Valparaíso 
300 |a 52 p 
942 |c BK 
945 |d 19960614 00:00:00  |a paguirre 
260 |a Valparaíso  |b Universidad Católica de Valparaíso. Facultad de Ingeniería  |c 1981 
650 0 |a Hidráulica   |9 260193 
650 0 |a Ingeniería civil  |9 260076 
650 0 |a Riego  |9 259685 
650 7 |a RECURSOS DE AGUA  |2 CL-VaPUC  |9 261958 
650 0 |a Agua  |9 257149 
583 |a last modification  |c 19960614 00:00:00  |k Rodrigo Vera 
490 0 |a Monografías, 1 
999 |c 249240  |d 249238 
952 |0 0  |1 0  |4 0  |6 627_000000000000000_CER_1981  |7 0  |8 A  |9 266397  |a BIBING  |b BIBING  |d 2019-11-19  |i 1685120  |o 627 CER 1981  |p 1685120  |r 2025-01-20  |w 2019-11-19  |y BK  |k CCL 
952 |0 0  |1 0  |4 0  |6 627_000000000000000_CER_1981  |7 0  |8 A  |9 266398  |a BIBING  |b BIBING  |d 2019-11-19  |i 1685171  |o 627 CER 1981  |p 1685171  |r 2025-01-20  |w 2019-11-19  |y BK  |k CCL 
952 |0 0  |1 0  |4 0  |6 627_000000000000000_CER_1981  |7 0  |8 A  |9 266400  |a BIBING  |b BIBING  |d 2019-11-19  |i 1685139  |o 627 CER 1981  |p 1685139  |r 2025-01-20  |w 2019-11-19  |y BK  |k CCL 
952 |0 0  |1 0  |4 0  |6 627_000000000000000_CER_1981  |7 0  |8 A  |9 266401  |a BIBING  |b BIBING  |d 2019-11-19  |i 1687115  |o 627 CER 1981  |p 1687115  |r 2025-01-20  |w 2019-11-19  |y BK  |k CCL